000
00309nam a2200133Ia 4500
008
230917s9999||||xx |||||||||||||| ||und||
040
_e
147327
_a
MAIN
041
_a
English
082
_a
361.60954 M311P
100
_a
Mamoira
245
0
_a
Principles of social security
300
_a
366p. p.
942
_c
BK
999
_c
193678
_d
193678